| 000 | 00775nam a2200241 i 4500 | ||
|---|---|---|---|
| 001 | 8799 | ||
| 003 | ES-MaACL | ||
| 005 | 20250526173552.0 | ||
| 007 | t| | ||
| 008 | 920930s1992 sp ||||1| spa d | ||
| 020 | _a84-339-1170-8 | ||
| 080 | _a82.0(73)-311.2"19" | ||
| 080 | _a82.0(73)(Gurganus,A.7 U.03=6) | ||
| 100 | 1 |
_aGurganus, Allan. _960974 |
|
| 245 | 1 | 3 |
_aLa Ultima viuda de la Confederación lo cuenta todo / _cAllan Gurganus ; traducción de Miguel Sènz. |
| 260 |
_aBarcelona : _bAnagrama, _cD.L. 1992. |
||
| 300 |
_a950 p. ; _c22 cm. |
||
| 490 | 1 |
_aPanorama de narrativas ; _v250 |
|
| 700 | 1 |
_aSáenz, Miguel, _d1932- _9101299 |
|
| 830 | 0 | 0 |
_aPanorama de narrativas _v250 _9123642 |
| 852 |
_aES-MaACL _jL-16074 _bR.120846 |
||
| 999 |
_c8799 _d8799 |
||